| 000 | 01411 a2200265 4500 | ||
|---|---|---|---|
| 003 | Nust | ||
| 005 | 20220804132635.0 | ||
| 020 | _a0-8247-5057-8 | ||
| 035 | _a(Uk)0824750578 | ||
| 040 | _cNust | ||
| 082 | 0 | 4 | _a621.367,IMA |
| 100 |
_aKiyoharu Aizawa, Katsuhiko Sakaue, Yasuhito Suenaga _996532 |
||
| 245 | 1 | 0 |
_aImage processing technologies : _balgorithms, sensors and applications / _cedited by Kiyoharu Aizawa, Katsuhiko Sakaue, Yasuhito Suenaga |
| 260 |
_aNew York : _bMarcel Dekker, _ccop. 2004 |
||
| 300 |
_ax, 282 p. : _bill. |
||
| 440 | 0 |
_aSignal processing and communications, _v23 _995561 |
|
| 505 | _aPassive Range Sensing Techniques (Page-1), Optimization Approaches in Compute Vision and Image Processing (Page-27), Motion and Shape from Sequences of Images under Feature Correspondences (Page-55), Compression and Representation of 3D Images (Page-90), Omnidirectional Sensing and its Applications (Page-116), Computational Sensors (Page-142), Processing and Recognition of Face Images and its Applications (Page-162), Document Analysis and Recognition (Page-212), Recent Progress in Medical Image Processing (Page-233). | ||
| 650 | 7 |
_aBildbehandling _996525 |
|
| 650 | 7 | _aImage processing | |
| 650 | 7 | _aTelecommunication Engineering. | |
| 700 | 1 |
_aAizawa, Kiyoharu _4edt _996533 |
|
| 700 | 1 |
_aSakaue, Katsuhiko _4edt _996534 |
|
| 700 | 1 |
_aSuenaga, Yasuhito _4edt _996535 |
|
| 942 |
_cREF _2ddc |
||
| 999 |
_c193470 _d193470 |
||